[Event "Asia-ch U20"]
[Site "Tehran"]
[Date "2001.07.20"]
[Round "11"]
[White "Nasri, Amin"]
[Black "Sheripov, Eziz"]
[Result "1-0"]
[WhiteElo "2275"]
[BlackElo "2170"]
[PlyCount "63"]
[EventDate "2001.07.14"]
[EventType "swiss"]
[EventRounds "11"]
[EventCountry "IRI"]
[SourceTitle "EXT 2002"]
[Source "ChessBase"]
[SourceDate "2001.11.25"]
[SourceVersion "1"]
[SourceVersionDate "2001.11.25"]
[SourceQuality "1"]

1. d4 Nf6 2. c4 g6 3. Nc3 d5 4. cxd5 Nxd5 5. e4 Nxc3 6. bxc3 Bg7 7. Bc4 c5 8. Ne2 cxd4 9. cxd4 0-0 10. 0-0 Nc6 11. Be3 Bg4 12. f3 Na5 13. Bd3 Be6 14. d5 Bxa1 15. Qxa1 f6 16. Bh6 Re8 17. Rb1 Bd7 18. e5 e6 19. exf6 e5 20. Ng3 Rc8 21. f4 Qxf6 22. Ne4 Qh8 23. Bg5 h6 24. Bf6 Qh7 25. Bxe5 Rf8 26. Nf6+ Rxf6 27. Bxf6 Qf7 28. Qd4 b6 29. Re1 Rc5 30. Re7 Rxd5 31. Rxf7 Rxd4 32. Rg7+ 1-0

[Event "Asia-ch U20"]
[Site "Tehran"]
[Date "2001.07.16"]
[Round "5"]
[White "Sundararajan, Kidambi"]
[Black "Sheripov, Eziz"]
[Result "0-1"]
[WhiteElo "2421"]
[BlackElo "2170"]
[PlyCount "60"]
[EventDate "2001.07.14"]
[EventType "swiss"]
[EventRounds "11"]
[EventCountry "IRI"]
[SourceTitle "EXT 2002"]
[Source "ChessBase"]
[SourceDate "2001.11.25"]
[SourceVersion "1"]
[SourceVersionDate "2001.11.25"]
[SourceQuality "1"]

1. d4 Nf6 2. c4 g6 3. Nc3 d5 4. Nf3 Bg7 5. Qb3 dxc4 6. Qxc4 0-0 7. e4 Bg4 8. Be3 Nfd7 9. 0-0-0 Nb6 10. Qb3 Nc6 11. d5 Ne5 12. Be2 Bxf3 13. gxf3 Qc8 14. f4 Ng4 15. Bc5 Nd7 16. Bxe7 Nxf2 17. Bxf8 Qxf8 18. Kb1 Nc5 19. Qc2 Bxc3 20. Qxc3 Ncxe4 21. Qxc7 Rc8 22. Qe5 Nxh1 23. Rxh1 Nd2+ 24. Ka1 Re8 25. Qd4 Rxe2 26. Rd1 Qc8 27. d6 Qc2 28. Rg1 Qe4 29. Qxe4 Nxe4 30. Rd1 Nxd6 0-1